FREQUÊNCIAS TUCANERVOSO - Statistics

Estatísticas Gerais
  • Esse quiz foi jogado 441 vezes
  • A pontuação média é 10 de 25
Estatísticas das Respostas
Hint Resposta % Correto
CAPELA 118.3
100%
CANÓPUS 121.9
100%
TÁT TRÀFEGO 135.7
100%
POLARIS 123.6
98%
TUCANO 124.3
96%
APP 122.4
41%
TÁT AQU 124.05
39%
TÁT CAP 124.35
39%
FLECHA 122.8
37%
TÁT PEI 133.95
37%
TÁT TAU 134.45
33%
CORINGA 134.55
33%
TÁT GEM 124.35
26%
TÁT VGM 134.45
26%
TÁT LIB 134.45
26%
TRUNFOS 135.95
26%
CASTOR 122.15
22%
SIRIUS 127.1
22%
ATIS 127.7
22%
ANTARES 123.15
20%
VEGA 128.75
15%
OUROS 122.95
11%
COPAS 129.85
11%
PAUS 134.25
11%
ESPADAS 122.35
9%
Nenhum quiz correspondente encontrado
Distribuição das Pontuações
Porcentagem de Pessoas com Cada Pontuação
Percentil de Números Respondidos
Sua Pontuação Histórica
Você não jogou esse quiz